00575nam a2200157Ia 4500008004100000100002100041245007100062245003900133260005300172260001600225300000800241650001500249856006100264999001900325952007300344170221s9999 xx 000 0 und d aSherif Abdullahi aPotential for Islamic Banking in Macedonia: An Empirical Evidence  cSherif Abdullahi, Amir Shaharuddin bInternational Review of Management and Marketing cAugust 2013 a2:3 xMarketing. uhttp://www.econjournals.com/index.php/irmm/issue/view/88 c310310d310310 001040aCLbCLd2017-02-21l0r2017-02-21 00:00:00w2017-02-21yFOJ